| 000 | 00926nam a2200289Ia 4500 | ||
|---|---|---|---|
| 001 | H9936 | ||
| 003 | IT-RoPAU | ||
| 008 | 130308s9999 xx 000 0 und d | ||
| 040 | _aIT-RoPAU | ||
| 040 | _cIT-RoPAU | ||
| 041 | _aITALIANO | ||
| 100 | _aWilletts William | ||
| 100 | _gCodice Aut. SPICS: 60009 | ||
| 245 | _aArte cinese (L'). Piccole storie illustrate | ||
| 245 | _bArte Cinese (L'). piccole Storie Illustrate | ||
| 250 | _a1a ed. | ||
| 260 | _aFIRENZE | ||
| 260 | _bSansoni | ||
| 260 | _c1963 [1° Ed.:1963 - Ed.Ling.Originale:1958] | ||
| 300 | _a"1023 p. (prefazione: 31; testo: 992 [pagine: 0-0])" | ||
| 500 | _a"Vol. I: Ambiente Geografico e Uomo Primitivo; Giada; Bronzo; Lacca e Seta;Scultura. Vol Ii: Terrecotte; Pittura e Calligrafia; Architettura." | ||
| 650 | _aSTORIA UNIVERSALE DELLE ARTI VISIVE | ||
| 650 | _eCodice materia Spics: 5009 | ||
| 942 | _cBK | ||
| 957 | _71 | ||
| 999 |
_c95755 _d95755 |
||
| 999 | _g1 | ||